LEADER 01110nam a2200277 a 4500 001 000000060448 003 CaOOAMICUS 005 20121219120811.0 008 010723s1976 it u000 u ita r 035 $a10898214 040 $aPUL$bita 041 1 $aita$hfre 100 1 $aMaritain, Jacques,$d1882-1973.$0(OLS)http://pul/name/868 240 10$aPhilosophe dans la cité.$lItaliano.$0(OLS)http://pul/title/80799 245 13$aIl filosofo nella socicietà /$cJacques Maritain ; saggio introduttivo di Antonio Pavan. 260 $aBrescia :$bMorcelliana,$c1976. 300 $aXL, 134 p. ;$c23 cm 504 $aBibliografia in nota. 650 4$aFilosofia$ySec. XX.$0(OLS)http://pul/subject/1924 700 1 $aPavan, Antonio,$d1937-$0(OLS)http://pul/name/5713 850 $aPUL 852 $aPUL$W1$xSL Religione 1$y3$m56 M 31$j78812$nBK-PRI$qStampati$B78812$CPULBib$Z2$F78812 $H41230 $82 941 1 $a8 961 $aINV: 41230 996 $6245$aIl filosofo nella socicietà$9(OLS)http://pul/title/80800 996 $6260$aBrescia :$bMorcelliana$9(OLS)http://pul/publisher/47854 LEADER 01250nam a2200301 a 4500 001 000000134296 003 CaOOAMICUS 005 20130610124543.0 008 130610s2007 it u000 u ita r 020 $z88-901702-4-7* 040 $aPUL$bita 082 04$a341 245 03$aLe violazioni gravi del diritto internazionale cogente /$ca cura di: B. Antenucci, R. Caputo e I. Palumbo. 260 $aRoma :$bCablit,$c2007. 300 $a211 p. ;$c24 cm 504 $aBibliografia p. 189-210. 650 4$aDiritto internazionale$xStudi.$0(OLS)http://pul/subject/26811 700 1 $aAntenucci, Barbara.$0(OLS)http://pul/name/86518 700 1 $aCaputo, Renato.$0(OLS)http://pul/name/86519 700 1 $aPalumbo, Isidoro.$0(OLS)http://pul/name/53304 850 $aPUL 852 $aPUL$W1$xSL Diritto e Scienze Sociali 3$y79$m341 ANTBA 1$j154397$qDDC 21$B153947$CPULBib$Z2$F153947 $H108520 $82 941 1 $a9 996 $6020$z88-901702-4-7*$9(OLS)http://pul/number/152994 996 $6082$a341$9(OLS)http://pul/classification/387 996 $6245$aLe violazioni gravi del diritto internazionale cogente$9(OLS)http://pul/title/169805 996 $6260$aRoma :$bCablit$9(OLS)http://pul/publisher/82391